00435nam a22001217a 4500008004100000040005500041080002100096100002200117245010300139260004000242300001600282650001500298230406b |||||||| |||| 00| 0 eng d aNational Science LibrarycNational Science Library a338.964(540)bK31 aPrasad, Kedarnath aTechnological choice under developmental planning: bA case study of the small industries of India aBombay: bPopular Prakashan, c1963 axiii, 385p. aCase study